00481nam a2200145 a 450000100100000000500170001000800410002704000250006808200150009310000310010824500570013926000760019630000210027250000420029300002195220200930011522.0100915s1937 dr 000 0 spa d aDO-SdBNPbspacBNPHU axxxbM562p1 aMeriño, Fernándo A. de10aPáginas históricas /cFernándo A. de Meriño. aCiudad Trujillos, República Dominicana :bJ. R. Vda. García,c1937. a126 p. ;c24 cm. aIncluye notas al pie de las páginas